[Event "ROM-chT Blitz"]
[Site "Sebes"]
[Date "2022.12.04"]
[Round "8.27"]
[White "Denes, Attila Norbert"]
[Black "Dumitrascu, Daniel"]
[Result "1-0"]
[WhiteElo "1755"]
[BlackElo "1694"]
[PlyCount "81"]
[EventDate "2022.12.04"]
[EventType "team-swiss (blitz)"]
[EventRounds "8"]
[EventCountry "ROU"]
[SourceTitle "CBM 211 Extra"]
[Source "ChessBase"]
[SourceDate "2023.01.31"]
[SourceVersion "1"]
[SourceVersionDate "2023.01.31"]
[SourceQuality "1"]
[WhiteTeam "Targu Mures Juvenes II"]
[BlackTeam "Medgidia"]
[WhiteTeamCountry "ROU"]
[BlackTeamCountry "ROU"]

1. e4 c5 2. Nc3 Nc6 3. f4 d6 4. Nf3 g6 5. Bc4 Bg7 6. 0-0 Bg4 7. Bxf7+ Kf8 8. Bc4 Nd4 9. Be2 Nxe2+ 10. Qxe2 a6 11. d3 b5 12. Kh1 Ke8 13. Be3 Bd7 14. e5 Qc7 15. Ne4 Bc6 16. exd6 exd6 17. Nxd6+ Kd7 18. Bxc5 Nh6 19. Ne5+ Bxe5 20. Qxe5 Rae8 21. Qg7+ Re7 22. Qxh8 Bxg2+ 23. Kxg2 Qxc5 24. Ne4 Qxc2+ 25. Nf2 Nf5 26. Qc3 Ne3+ 27. Kg1 Qe2 28. Rae1 Qf3 29. Qd4+ Ke8 30. Rxe3 Rxe3 31. Qc5 Qxf4 32. Qc8+ Kf7 33. Qg4 Qd6 34. Nd1+ Kg8 35. Nxe3 Qxd3 36. Qf3 Kg7 37. Qf7+ Kh6 38. Qf8+ Kh5 39. Qf3+ Kh6 40. Nf5+ gxf5 41. Qxd3 1-0

[Event "ROM-chT Blitz"]
[Site "Sebes"]
[Date "2022.12.04"]
[Round "4.27"]
[White "Dragomirescu, Calin"]
[Black "Dumitrascu, Daniel"]
[Result "1-0"]
[WhiteElo "1971"]
[BlackElo "1694"]
[PlyCount "83"]
[EventDate "2022.12.04"]
[EventType "team-swiss (blitz)"]
[EventRounds "8"]
[EventCountry "ROU"]
[SourceTitle "CBM 211 Extra"]
[Source "ChessBase"]
[SourceDate "2023.01.31"]
[SourceVersion "1"]
[SourceVersionDate "2023.01.31"]
[SourceQuality "1"]
[WhiteTeam "Family Giroc"]
[BlackTeam "Medgidia"]
[WhiteTeamCountry "ROU"]
[BlackTeamCountry "ROU"]

1. d4 d5 2. c4 e5 3. dxe5 d4 4. Nf3 Nc6 5. Nbd2 Bg4 6. a3 Nge7 7. b4 Ng6 8. Bb2 Ncxe5 9. h3 Bxf3 10. Nxf3 Nxf3+ 11. exf3 Qe7+ 12. Qe2 0-0-0 13. Qxe7 Bxe7 14. Bd3 Bf6 15. 0-0 Ne5 16. Bf5+ Kb8 17. Rac1 g6 18. Be4 Bg7 19. f4 f5 20. Bb1 Nf7 21. Rcd1 Rhe8 22. Rfe1 a6 23. c5 Kc8 24. Kf1 Bh8 25. Bd3 Kb8 26. g3 h6 27. h4 g5 28. hxg5 hxg5 29. fxg5 Nxg5 30. Rxe8 Rxe8 31. Bxf5 Rd8 32. Kg2 a5 33. f4 Nf7 34. Kf3 Nh6 35. Bd3 Re8 36. Bc1 axb4 37. axb4 Kc8 38. Rh1 Nf7 39. Rh7 Nd8 40. Bd2 Ne6 41. Bf5 Kd8 42. Bxe6 1-0